[Event "Mittelfranken-chTB2a 1920"]
[Site "Mittelfranken"]
[Date "2020.03.08"]
[Round "7.7"]
[White "Wieczorek, Heinz"]
[Black "Beller, Johann"]
[Result "1/2-1/2"]
[WhiteElo "1698"]
[BlackElo "1649"]
[PlyCount "134"]
[EventDate "2019.10.13"]
[EventType "team-tourn"]
[EventRounds "9"]
[EventCountry "GER"]
[SourceTitle "EXT 2023"]
[Source "ChessBase"]
[SourceDate "2022.10.05"]
[SourceVersion "1"]
[SourceVersionDate "2022.10.05"]
[SourceQuality "1"]
[WhiteTeam "Nuernberg Sued SW IV"]
[BlackTeam "Rothenburg II"]
[WhiteTeamCountry "GER"]
[BlackTeamCountry "GER"]

1. e4 c6 2. Nc3 e5 3. Nf3 d6 4. d4 exd4 5. Nxd4 Nf6 6. Be2 Nbd7 7. 0-0 Be7 8. Nf5 0-0 9. Nxd6 Bxd6 10. Qxd6 Ne8 11. Qg3 Qa5 12. Be3 Ne5 13. f4 Ng6 14. f5 Ne5 15. f6 Ng6 16. fxg7 Nxg7 17. Bc4 Be6 18. Bxe6 Nxe6 19. a3 a6 20. Rf5 Qc7 21. Qf2 Ng7 22. Rf3 b5 23. Rf1 Ne6 24. Bh6 Ng7 25. Qd4 Qe5 26. Qd7 Qc5+ 27. Be3 Qc4 28. Qd4 Qxd4 29. Bxd4 Ne6 30. Be3 a5 31. Bh6 Ng7 32. Rf6 b4 33. Na4 bxa3 34. bxa3 Rae8 35. Nc5 Re7 36. Rxc6 Ne5 37. Ra6 Rc8 38. Nd3 Rxc2 39. Nxe5 Rxe5 40. Ra7 Rc8 41. Rfxf7 Ne6 42. Rf2 Rxe4 43. h3 a4 44. Raf7 Re8 45. Kh2 Rh4 46. Bd2 Rc4 47. R7f3 Rc7 48. Bc3 h6 49. Bb4 Rd7 50. Rg3+ Kh7 51. Re2 Nc7 52. Rxe8 Nxe8 53. Re3 Nf6 54. Re7+ Rxe7 55. Bxe7 Nd5 56. Bc5 Kg6 57. Kg3 h5 58. Kf3 Kf5 59. Bd4 Ne7 60. g4+ hxg4+ 61. hxg4+ Kg6 62. Kf4 Nc6 63. Bc3 Ne7 64. Bd2 Ng8 65. g5 Nf6 66. Ke5 Nh7 67. Kd5 Nxg5 1/2-1/2

[Event "Mittelfranken-chTB2a 1920"]
[Site "Mittelfranken"]
[Date "2019.12.01"]
[Round "3.7"]
[White "Stoll, Tobias"]
[Black "Beller, Johann"]
[Result "1/2-1/2"]
[WhiteElo "1687"]
[BlackElo "1649"]
[PlyCount "96"]
[EventDate "2019.10.13"]
[EventType "team-tourn"]
[EventRounds "9"]
[EventCountry "GER"]
[SourceTitle "EXT 2023"]
[Source "ChessBase"]
[SourceDate "2022.10.05"]
[SourceVersion "1"]
[SourceVersionDate "2022.10.05"]
[SourceQuality "1"]
[WhiteTeam "Cadolzburg"]
[BlackTeam "Rothenburg II"]
[WhiteTeamCountry "GER"]
[BlackTeamCountry "GER"]

1. e4 b6 2. Nc3 Bb7 3. Bc4 e6 4. d3 Nc6 5. Nf3 Na5 6. Bb3 Ne7 7. Bd2 Ng6 8. Ba4 Be7 9. Ne2 Nc6 10. Bc3 0-0 11. 0-0 Bg5 12. Nxg5 Qxg5 13. f4 Qh5 14. f5 exf5 15. Rxf5 Qg4 16. Qd2 Nce7 17. Rg5 Qe6 18. Nd4 Qd6 19. Bb3 Qf4 20. Qxf4 Nxf4 21. Rf1 Neg6 22. Rf2 Ne6 23. Rg3 Nc5 24. Bc4 c6 25. Nf5 d5 26. exd5 cxd5 27. Bb3 Nxb3 28. axb3 f6 29. h4 Bc8 30. h5 Bxf5 31. Rxf5 Ne7 32. Rxf6 Rxf6 33. Bxf6 Nf5 34. Rg5 g6 35. hxg6 hxg6 36. Be5 Kf7 37. d4 a5 38. Kf2 a4 39. bxa4 Rxa4 40. c3 Ra2 41. Kf3 Rxb2 42. Bc7 b5 43. g4 Ne7 44. Re5 Rb3 45. Re3 Nc6 46. Bd6 b4 47. Bxb4 Nxb4 48. cxb4 Rxb4 1/2-1/2

[Event "Mittelfranken-chTB2a 1920"]
[Site "Mittelfranken"]
[Date "2019.10.13"]
[Round "1.7"]
[White "Hinzmann, Alexander"]
[Black "Beller, Johann"]
[Result "1-0"]
[WhiteElo "1743"]
[BlackElo "1649"]
[PlyCount "139"]
[EventDate "2019.10.13"]
[EventType "team-tourn"]
[EventRounds "9"]
[EventCountry "GER"]
[SourceTitle "EXT 2023"]
[Source "ChessBase"]
[SourceDate "2022.10.05"]
[SourceVersion "1"]
[SourceVersionDate "2022.10.05"]
[SourceQuality "1"]
[WhiteTeam "Fuerth SF"]
[BlackTeam "Rothenburg II"]
[WhiteTeamCountry "GER"]
[BlackTeamCountry "GER"]

1. d4 d5 2. c4 Nf6 3. cxd5 Nxd5 4. e4 Nb6 5. Nc3 e6 6. Nf3 Be7 7. Be2 N8d7 8. Qc2 c6 9. Bf4 Nf8 10. Rd1 Ng6 11. Bg3 0-0 12. 0-0 Bf6 13. Na4 Nxa4 14. Qxa4 Qe7 15. Qc2 Rd8 16. Rfe1 Qb4 17. a3 Qb6 18. d5 exd5 19. exd5 Qxb2 20. Qxb2 Bxb2 21. dxc6 Rxd1 22. Rxd1 bxc6 23. Rd8+ Nf8 24. Bd6 Bb7 25. Rxa8 Bxa8 26. Bc5 a5 27. a4 Bc3 28. Bd4 Bb4 29. Bc4 c5 30. Be3 Nd7 31. Bb5 Bxf3 32. gxf3 Ne5 33. f4 Nf3+ 34. Kg2 Ne1+ 35. Kf1 Nc2 36. Bc1 Kf8 37. Ke2 g6 38. Kd3 Nd4 39. Kc4 Ke7 40. Kd5 h5 41. Bc4 Nf3 42. Ke4 Nxh2 43. f3 f5+ 44. Ke3 Be1 45. Ke2 Bg3 46. Bd2 h4 47. Bxa5 Bxf4 48. Bb6 Kd6 49. Kf2 Kc6 50. a5 g5 51. Bd8 h3 52. Be6 Kb5 53. Bxf5 c4 54. Bxh3 Bd2 55. Bd7+ Ka6 56. Bc8+ Ka7 57. a6 g4 58. Bf6 Ba5 59. Bd4+ Bb6 60. Bxb6+ Kxb6 61. f4 Nf3 62. Bxg4 Nd4 63. Ke3 Nc6 64. Bf3 Nb8 65. Bb7 Nd7 66. Kd4 Nc5 67. Kxc4 Nxb7 68. axb7 Kxb7 69. Kd5 Kc7 70. Ke6 1-0

[Event "Mittelfranken-chTB2a 1819"]
[Site "Mittelfranken"]
[Date "2019.01.27"]
[Round "4.7"]
[White "Beller, Johann"]
[Black "Ries, Maximilian"]
[Result "1-0"]
[WhiteElo "1671"]
[BlackElo "1613"]
[PlyCount "115"]
[EventDate "2018.10.14"]
[EventType "team-tourn"]
[EventRounds "9"]
[EventCountry "GER"]
[SourceTitle "EXT 2022"]
[Source "ChessBase"]
[SourceDate "2021.10.06"]
[SourceVersion "1"]
[SourceVersionDate "2021.10.06"]
[SourceQuality "1"]
[WhiteTeam "Rothenburg II"]
[BlackTeam "Dinkelsbuehl"]
[WhiteTeamCountry "GER"]
[BlackTeamCountry "GER"]

1. c4 e5 2. Nc3 Nf6 3. d3 d5 4. cxd5 Nxd5 5. Nf3 Nc6 6. a3 Be7 7. Ne4 h6 8. Bd2 Be6 9. g3 0-0 10. Bg2 Qd7 11. h4 f5 12. Nc3 f4 13. Ne4 Rf7 14. b4 a6 15. Rc1 Raf8 16. Rxc6 Qxc6 17. Nxe5 Qb6 18. Nxf7 fxg3 19. Nxh6+ gxh6 20. fxg3 Bd6 21. Rf1 Rxf1+ 22. Kxf1 Be5 23. Qe1 Ne3+ 24. Bxe3 Qxe3 25. a4 Bd4 26. Nf2 b6 27. Bf3 Kg7 28. Kg2 Qe5 29. Ne4 Qf5 30. g4 Qf4 31. Qg3 Qc1 32. h5 Bf7 33. Qh2 Qe3 34. Qxc7 Qg1+ 35. Kh3 Qf1+ 36. Kh4 Qe1+ 37. Ng3 Qf2 38. Kh3 Kf8 39. Qd8+ Be8 40. Qd6+ Kg8 41. Bd5+ Bf7 42. Bxf7+ Kxf7 43. Qg6+ Kf8 44. Qxh6+ Ke8 45. Qg6+ Kd8 46. Qe4 Be3 47. Qf5 Bf4 48. Qd5+ Kc7 49. Qf3 Qd4 50. Ne4 Be5 51. Qf7+ Kb8 52. Qf8+ Kb7 53. h6 Qe3+ 54. Qf3 Qxh6+ 55. Kg2 Qh2+ 56. Kf1 Bd4 57. e3 Be5 58. d4 1-0

[Event "Mittelfranken-chTB2a 1819"]
[Site "Mittelfranken"]
[Date "2018.12.02"]
[Round "3.8"]
[White "Hollfelder, Gerhard"]
[Black "Beller, Johann"]
[Result "0-1"]
[WhiteElo "1599"]
[BlackElo "1671"]
[PlyCount "36"]
[EventDate "2018.10.14"]
[EventType "team-tourn"]
[EventRounds "9"]
[EventCountry "GER"]
[SourceTitle "EXT 2022"]
[Source "ChessBase"]
[SourceDate "2021.10.06"]
[SourceVersion "1"]
[SourceVersionDate "2021.10.06"]
[SourceQuality "1"]
[WhiteTeam "Bubenreuth"]
[BlackTeam "Rothenburg II"]
[WhiteTeamCountry "GER"]
[BlackTeamCountry "GER"]

1. e4 c5 2. Nf3 Nc6 3. d4 cxd4 4. Nxd4 e5 5. Nxc6 bxc6 6. Bd3 Nf6 7. 0-0 g6 8. Bg5 Bg7 9. Qd2 h6 10. Be3 Ng4 11. Bc5 d6 12. Ba3 Be6 13. f3 Nf6 14. Nc3 0-0 15. f4 exf4 16. Qxf4 Nh5 17. Qxd6 Qb6+ 18. Qc5 Bd4+ 0-1

[Event "Mittelfranken-chTB2a 1819"]
[Site "Mittelfranken"]
[Date "2018.11.04"]
[Round "2.8"]
[White "Beller, Johann"]
[Black "Ross, Sandra"]
[Result "1/2-1/2"]
[WhiteElo "1671"]
[BlackElo "1721"]
[PlyCount "148"]
[EventDate "2018.10.14"]
[EventType "team-tourn"]
[EventRounds "9"]
[EventCountry "GER"]
[SourceTitle "EXT 2022"]
[Source "ChessBase"]
[SourceDate "2021.10.06"]
[SourceVersion "1"]
[SourceVersionDate "2021.10.06"]
[SourceQuality "1"]
[WhiteTeam "Rothenburg II"]
[BlackTeam "Jaecklechemie SC"]
[WhiteTeamCountry "GER"]
[BlackTeamCountry "GER"]

1. c4 Nf6 2. Nf3 e6 3. Nc3 d5 4. e3 Be7 5. cxd5 exd5 6. Bb5+ c6 7. Ba4 0-0 8. d4 Nbd7 9. 0-0 Re8 10. h3 Bd6 11. Bc2 Ne4 12. Bd2 Ndf6 13. Rc1 Bf5 14. Nh4 Nxd2 15. Qxd2 Bxc2 16. Qxc2 Ne4 17. Nf3 Qf6 18. Nxe4 dxe4 19. Nd2 Qg6 20. f4 exf3 21. Qxg6 hxg6 22. Rxf3 Rad8 23. b3 f6 24. Nc4 Kf7 25. Rc2 Bc7 26. Kf2 Rd7 27. Nb2 Rde7 28. Nd3 Bd6 29. g4 g5 30. Nb2 Rd7 31. Nc4 Bc7 32. Nd2 Bb6 33. a4 Bc7 34. Rc4 Bd6 35. a5 a6 36. b4 Bc7 37. Nb3 Bd6 38. Ke2 Ke6 39. Kd3 Kd5 40. Rf5+ Ke6 41. e4 Rh8 42. Rf3 Be7 43. Nc5+ Bxc5 44. Rxc5 Rhd8 45. Rc4 g6 46. Kc3 Rh8 47. Kb3 Rhd8 48. Rd3 f5 49. exf5+ gxf5 50. gxf5+ Kxf5 51. Kc3 Rh8 52. Rc5+ Kf4 53. Kc4 Rdh7 54. d5 cxd5+ 55. Rdxd5 Rxh3 56. Rxg5 R8h4 57. Rcf5+ Ke3+ 58. Kc5 Kd3 59. Rd5+ Kc3 60. b5 axb5 61. Kxb5 Rb4+ 62. Kc5 Rc4+ 63. Kb6 Rb4+ 64. Rb5 Rxb5+ 65. Rxb5 Kc4 66. Rb1 Rh7 67. Rg1 Kb4 68. Rg4+ Kb3 69. Re4 Rg7 70. Ka7 b5+ 71. Kb6 b4 72. a6 Kc3 73. a7 Rxa7 74. Kxa7 b3 1/2-1/2